00612nam a2200193Ia 4500008004100000020001500041041000800056082001600064100002000080245007800100260003300178300000800211365001400219650002800233700001900261942001200280999001900292952010700311140306s9999 xx 000 0 und d a0044450443 aeng a337bSIN/RI aAnsari, Javed A aRich and poor countries : consequences of international economic disorder aLondonbUniverse Hymanc1988 a322 bUKP.12.95 aInternational economics aSinger, Hans W 2ddccBK c180486d180486 00102ddc4070aKAUCBVbKAUCBVd2004-07-02g12.95l0o337 SIN/RIr2014-03-22 00:00:00w2014-03-22yBK